1890 1104 1726 1607 1526 1668 1677 1713 1787 1920 1625 1931 1866 1705 1644 1742 1074 1698 1434 1404 1652 1893 1852 1452 1665 1816 1318 1022 1641 1830 1499 1820 1418 1373 1823 1812 1850 1805 1310 1339 1629 1265 1901 1130 1014 1828 1532 1087 1164 1803 1238 1463 1319 1789 1524 1606 1282 1100 1159 1726 1191 1688 1199 1674 1236 1352 1090 1562 1082 1039 1479 1760 1516 1946 1090 1849 1223 1003 1311 1787 1153 1022 1953 1652 1937 1641 1336 1177 1259 1526 1793 1630 1911 1438 1311 1771 1363 1708 1378 BCNSPRNW ULIB Ver.6.0+V

เปลี่ยนเป็นภาษาไทย

Change to English
 แสดงรายละเอียดบรรณานุกรม
  กลับหน้าหลัก

Brief Record : Get Marc (ISO 2709) : E-mail record : QR code < ปิดหน้าต่าง
LEADER : 00000nam 2200000uu 4500
001    13399122407
003     ULIB
008    130328s2555||||th 000 0 tha d
099    ^aวจ.WM172^bป446ศ
100 0  ^a สุวรรณี สร้อยสงค์, อังคณา เรือนก้อน และรณภพ อิ้มทับ
245 00 ^aปัจจัยที่มีอิทธิพลต่อความวิตกกังวลในการสอบขึ้นทะเบียนประกอบวิชาชีพการพยาบาลและผดุงครรภ์ของนักศึกษาพยาบาล วิทยาลัยพยาบาลบรมราชชนนี พุทธชินราช/^cสุวรรณี สร้อยสงค์, อังคณา เรือนก้อน และรณภพ อิ้มทับ
260    ^aพิษณุโลก :^bวิทยาลัยพยาบาลบรมราชชนนี พุทธชินราช,^c2555
300    ^a71 หน้า
650  7 ^aวิทยาลัยพยาบาลบรมราชชนนี พุทธชินราช
650  7 ^aวิชาชีพพยาบาล
650  7 การสอบขึ้นทะเบียนประกอบวิชาชีพกาพยาบาลและผดุงครรภ์^xวิจัย
700 0  อังคณา เรือนก้อน
700 0  รณภพ อิ้มทับ
945    ^p0^l0^i033634
999    ^aเกษร โพธิ์สุวรรณ
รายการนี้ยังไม่มีแท็ก
คุณยังไม่ได้ล็อกอิน คุณสามารถมีกิจกรรมร่วมกับเว็บไซต์ได้ แต่ต้องล็อกอินก่อน ::
  ล็อกอิน

รายการสื่อสารสนเทศ

ลำดับที่ ประเภท เลขเรียก/บาร์โค้ด สถานที่ สถานะ
1. งานวิจัย
งานวิจัย
วจ.WM172 ป446ศ  
  Barcode: 033634
ห้องสมุดวิทยาเขตสวรรค์ประชารักษ์
►วิจัย
บนชั้น

รายการใกล้เคียง
    หัวเรื่อง [วิทยาลัยพยาบาลบรมราชชนนี พุทธชินราช]
    หัวเรื่อง [วิชาชีพพยาบาล]

BibComment


ยังไม่เคยถูกคอมเมนท์

คอมเมนท์ทรัพยากรรายการนี้
  คอมเมนท์: ปัจจัยที่มีอิทธิ..


 Copyright 2026. Bcnsprnw @Library